| 000 | 00523nam a2200193Ia 4500 | ||
|---|---|---|---|
| 005 | 20250326144832.0 | ||
| 008 | 250326s9999 xx 000 0 und d | ||
| 020 | _a1-57851-237-9 | ||
| 037 | _aTextbook | ||
| 040 |
_aFMSL _beng _cFMSL |
||
| 041 |
_aeng _2eng |
||
| 084 |
_aX:74 N2 _qFMSL |
||
| 100 | _aHBR | ||
| 245 | 0 |
_aHarvard Business Review on corporate goverce _cHBR |
|
| 260 |
_aBoston _bBoston, Harvard Busines Review _c1992 |
||
| 300 | _a223p | ||
| 942 |
_cTB _hX:74 N2 |
||
| 999 |
_c1305250 _d1305250 |
||